01396nam a2200301 a 450000100100000000500170001000800410002702000180006804000250008608200280011111000330013924000260017224501020019826000450030030000200034549000160036554600130038159000270039465100630042165100560048470000780054083000230061891000370064195201410067895201260081995201320094599900170107700002759320241015091655.0110401s2011 dr 000 0 eng d a9789945871555 aDO-SdBNPbspacBNPHU a342.729302bR426c, 20111 aRepública Dominicana.944710aConstitución (2010)10aConstitution of the Dominican Republic /ctranslated from the spanish by Fabio J. Guzmán-Ariza. aSanto Domingo :bGaceta Judicial,c2011. a97 p. ;c23 cm.1 aLegislativa aInglés aInventariado, 2018/ YL 4aRepública DominicanaxConstitución (2010{Rpara}935654 4aRepública DominicanazDerecho Constitucional94491 aGuzmán A., Fabio J.q(Fabio José Guzmán Ariza), d1949-etr.930896 0aLegislativa930888 aValidado. Control de calidad EMS 001054708DSaGRbGRcHDd2011-04-01iLF1l0o342.729302 R426c, 2011p27593-30r2020-06-25te. 3w2020-06-25yLFDSZPréstamo en sala 0010718PDaPDbPDcHDd2011-04-01iLF1l0o342.729302 R426c, 2011p27593-10r2020-06-25w2020-06-25yLFPDZNo se presta 0010718PDaPDbPDcHDd2011-04-01iLF1l0o342.729302 R426c, 2011p27593-20r2020-06-25te. 2w2020-06-25yLFPDZNo se presta c27085d27085